000 00327nam a22001457a 4500
008 221117b ||||| |||| 00| 0 eng d
020 _a9780314481177
041 _aeng
080 _2SECOND EDITION
_a51
082 _a51COH
100 _a20.1
101 _aMATE
245 _aALGEBRA&TRIGONOMETRY
_cCOHEN D
942 _2udc
_cBK
999 _c58924
_d58924